The death cure / (Record no. 2593)
[ view plain ]
| 000 -LEADER | |
|---|---|
| fixed length control field | 00627nam a22002177a 4500 |
| 005 - DATE AND TIME OF LATEST TRANSACTION | |
| control field | 20260415072642.0 |
| 008 - FIXED-LENGTH DATA ELEMENTS--GENERAL INFORMATION | |
| fixed length control field | 260415b |||||||| |||| 00| 0 eng d |
| 020 ## - INTERNATIONAL STANDARD BOOK NUMBER | |
| International Standard Book Number | 978-1-908435-20-0 |
| 082 ## - DEWEY DECIMAL CLASSIFICATION NUMBER | |
| Classification number | Fic. D229 2012 |
| 100 ## - MAIN ENTRY--PERSONAL NAME | |
| Personal name | Dashner, James |
| 9 (RLIN) | 477 |
| 245 ## - TITLE STATEMENT | |
| Title | The death cure / |
| Statement of responsibility, etc. | James Dashner |
| 260 ## - PUBLICATION, DISTRIBUTION, ETC. | |
| Place of publication, distribution, etc. | Somerset, UK: The Chicken House, c2012 |
| 300 ## - PHYSICAL DESCRIPTION | |
| Extent | 330p. |
| 490 ## - SERIES STATEMENT | |
| Series statement | Maze runner; bk. 3 |
| 541 ## - IMMEDIATE SOURCE OF ACQUISITION NOTE | |
| Accession number | 8000 |
| 650 ## - SUBJECT ADDED ENTRY--TOPICAL TERM | |
| Topical term or geographic name entry element | Science fiction |
| 9 (RLIN) | 64 |
| 650 ## - SUBJECT ADDED ENTRY--TOPICAL TERM | |
| Topical term or geographic name entry element | Adventure fiction |
| 9 (RLIN) | 478 |
| 650 ## - SUBJECT ADDED ENTRY--TOPICAL TERM | |
| Topical term or geographic name entry element | Survival - Fiction |
| 9 (RLIN) | 479 |
| 650 ## - SUBJECT ADDED ENTRY--TOPICAL TERM | |
| Topical term or geographic name entry element | Virus diseases - Fiction |
| 9 (RLIN) | 480 |
| 650 ## - SUBJECT ADDED ENTRY--TOPICAL TERM | |
| Topical term or geographic name entry element | Recovered memory - Fiction |
| 9 (RLIN) | 481 |
| Withdrawn status | Lost status | Source of classification or shelving scheme | Damaged status | Not for loan | Home library | Current library | Date acquired | Total Checkouts | Full call number | Barcode | Date last seen | Copy number | Price effective from | Koha item type |
|---|---|---|---|---|---|---|---|---|---|---|---|---|---|---|
| Dewey Decimal Classification | ctu-moalboal | ctu-moalboal | 11/13/2024 | Fic. D229 2012 | 8000 | 04/15/2026 | 1 | 04/15/2026 | Books-Fiction |